Jason Schwartzman Filmography - Statistics

General Stats
  • This quiz has been taken 54 times
    15 since last reset
  • The average score is 23 of 105
Answer Stats
Type Year Name % Correct
Film 2023 Asteroid City
88%
Film 2009 Fantastic Mr. Fox
88%
Film 1998 Rushmore
88%
Film 2014 The Grand Budapest Hotel
88%
Film 2007 The Darjeeling Limited
75%
Film 2021 The French Dispatch
75%
Screenplay 2018 Isle of Dogs
63%
Film 2012 Moonrise Kingdom
63%
Film 2006 Marie Antoinette
50%
Film 2024 Megalopolis
50%
Film 2023 Spider-Man: Across the Spider-Verse
50%
Film 2024 Between the Temples
38%
Film 2020 Mainstream
38%
Film 2010 Scott Pilgrim vs. the World
38%
Film 2023 The Hunger Games: The Ballad of Songbirds and Snakes
38%
Film 2024 The Last Showgirl
38%
Film 2019 Wine Country
38%
Film 2012 A Glimpse Inside the Mind of Charles Swan III
25%
Film 2019 Between Two Ferns: The Movie
25%
Film 2005 Bewitched
25%
Film 2014 Big Eyes
25%
Film 2016 Dreamland
25%
TV Show 2020, 2023 Fargo
25%
Film 2009 Funny People
25%
Film 2004 I ♥ Huckabees
25%
Film 2019 Klaus
25%
Film 2014 Listen Up Philip
25%
Film 2025 Mountainhead
25%
TV Show 2014-2016 Mozart in the Jungle
25%
Film 2025 Oh. What. Fun.
25%
Film 2024 Queer
25%
Film 2023 Quiz Lady
25%
Film 2002 S1M0NE
25%
Film 2013 Saving Mr. Banks
25%
Film 2005 Shopgirl
25%
Film 2021 Sing 2
25%
Film 2002 Slackers
25%
Film 2027 Spider-Man: Beyond the Spider-Verse
25%
Film 2002 Spun
25%
Film 2005 The Hitchhiker's Guide to the Galaxy
25%
Film 2009 The Marc Pease Experience
25%
Film 2017 The Polka King
25%
Film 2007 Walk Hard: The Dewey Cox Story
25%
Film 2015 7 Chinese Brothers
13%
Short Film 2014 9 Kisses
13%
Web Special 2015 A Very Murray Christmas
13%
Short Film 2019 Bad Assistant
13%
TV Show 2015-2016 Blunt Talk
13%
TV Show 2009-2011 Bored to Death
13%
Short Film 2013 Castello Cavalcanti
13%
TV Show 2013 Comedy Bang! Bang!
13%
Short Film 2012 Cousin Ben Troop Screening with Jason Schwartzman
13%
Film 2001 CQ
13%
TV Show 2004-2006 Cracking Up
13%
TV Show 2023 Digman!
13%
TV Show 2013 Drunk History
13%
TV Show 2021, 2022 Duncanville
13%
Short Film 2011 Fight For Your Right Revisited
13%
TV Show 2000 Freaks and Geeks
13%
TV Show 2000 Get Real
13%
Web Series 2013 Ghost Ghirls
13%
Film 2017 Golden Exits
13%
Short Film 2007 Hotel Chevalier
13%
TV Show 2022 I Love That for You
13%
Web Series 2023 I Think You Should Leave with Tim Robinson
13%
Short Film 2001 Julius and Friends: Hole In One
13%
Short Film 2003 Julius and Friends: Yeti, Set, Go
13%
Film 2003 Just Like Mona
13%
TV Show 2013 Key & Peele
13%
Web Series 2020 Medical Police
13%
Commercial 2024 Montblanc
13%
Film 2016 My Entire High School Sinking Into the Sea
13%
TV Show 2017-2018 Neo Yokio
13%
Short Film 2010 Non Plus One
13%
Short Film 2001 Odessa or Bust
13%
TV Show 2013 Out There
13%
TV Show 2013 Parks and Recreation
13%
TV Show 1998 Sabrina, the Teenage Witch
13%
Web Mini-Series 2023 Scott Pilgrim Takes Off
13%
TV Short 2010 Scott Pilgrim vs. the Animation
13%
TV Show 2011 Sesame Street
13%
Short Film 2013 Star Wars Cantina Karaoke
13%
Web Series 2023 Ten Year Old Tom
13%
Video Game 2021 The Artful Escape
13%
Film 2015 The Overnight
13%
Film 2022 There There
13%
TV Show 2022 The Righteous Gemstones
13%
TV Show 2025 The Talamasca: The Secret Order
13%
Film TBA The Thing That Hurts
13%
TV Show 2005 The X's
13%
TV Show 2014 Tim & Eric's Bedtime Stories
13%
Short Film 2018 To Plant a Flag
13%
Web Series 2015 Wet Hot American Summer: First Day of Camp
13%
Web Series 2017 Wet Hot American Summer: Ten Years Later
13%
Award Show 2013 2013 YouTube Music Awards
0%
Commercial 2015 Amazon Echo
0%
Commercial 2013 Best Buy
0%
Commercial 2013 HP Split x2
0%
TV Show 2019 Lip Sync Battle
0%
Film 2000 Mare Bonky
0%
Documentary Series 2020 Prop Culture
0%
TV Show 2007 Reel Comedy
0%
Film 2020 Scott Pilgrim vs. the World Water Crisis
0%
TV Show 2007 The Bazura Project
0%
TV Mini-Series 2009 Yo Teach...!
0%
No matching quizzes found
Score Distribution
Percent of People with Each Score
Percentile by Number Answered
Your Score History
You have not taken this quiz since the last reset